书目信息 |
| 题名: |
中国旅游地理
|
|
| 作者: | 万剑敏 主编 | |
| 分册: | ||
| 出版信息: | 南昌 江西高校出版社 2008 |
|
| 页数: | 388页 | |
| 开本: | 23cm | |
| 丛书名: | ||
| 单 册: | ||
| 中图分类: | F592.99 | |
| 科图分类: | ||
| 主题词: | 旅游地理学--中国--高等学校--教材 , 旅游地理学 | |
| 电子资源: | ||
| ISBN: | 978-7-81132-161-6 | |
| 000 | 00853nam0 2200253 45 | |
| 001 | 1354534999 | |
| 005 | 20130510101230.10 | |
| 010 | @a978-7-81132-161-6@dCNY39.80 | |
| 100 | @a20130108d2008 em y0chiy0110 ea | |
| 101 | 0 | @achi |
| 102 | @aCN@b360000 | |
| 105 | @ay z 000yy | |
| 106 | @ar | |
| 200 | 1 | @a中国旅游地理@AZhong Guo Lu^ You Di Li@f万剑敏主编@FWan Jian Min Zhu Bian |
| 210 | @a南昌@c江西高校出版社@d2008 | |
| 215 | @a388页@d23cm | |
| 300 | @a21世纪高校规划教材 | |
| 330 | @a本书分旅游地理概述、中国旅游资源地理两篇,包括:旅游资源、旅游规划与开发、旅游交通、各类旅游资源的基本特征、中国旅游资源地理区划等内容。 | |
| 606 | 0 | @a旅游地理学@y中国@x高等学校@j教材 |
| 606 | 0 | @a旅游地理学 |
| 690 | @aF592.99@v5 | |
| 701 | 0 | @a万剑敏@AWan Jian Min@g(女)@4主编 |
| 801 | @aCN@bTANGWEI@c20130109 | |
| 905 | @b0830693-97@dF592.99@e324@f5 | |
| 中国旅游地理/万剑敏主编.-南昌:江西高校出版社,2008 |
| 388页;23cm |
| 21世纪高校规划教材 |
| ISBN 978-7-81132-161-6:CNY39.80 |
| 本书分旅游地理概述、中国旅游资源地理两篇,包括:旅游资源、旅游规划与开发、旅游交通、各类旅游资源的基本特征、中国旅游资源地理区划等内容。 |
| ● |
| 相关链接 |
|
|
|
|
正题名:中国旅游地理
索取号:F592.99/324
 
预约/预借
| 序号 | 登录号 | 条形码 | 馆藏地/架位号 | 状态 | 备注 |
| 1 | 0830693 | 208306938 | 第一样本阅览室/ [索取号:F592.99/324] | 在馆 | |
| 2 | 0830694 | 208306947 | 第一借阅区/ [索取号:F592.99/324] | 在馆 | |
| 3 | 0830695 | 208306956 | 第一借阅区/ [索取号:F592.99/324] | 在馆 | |
| 4 | 0830696 | 208306965 | 第一借阅区/ [索取号:F592.99/324] | 在馆 | |
| 5 | 0830697 | 208306974 | 密集书库-资源管理系/ [索取号:F592.99/324] | 在馆 |